000 01065nam a22002775i 4500
001 12182
003 ES-MaACL
005 20250302202839.0
007 t|
008 931105s1993 sp ||||0| spa j
020 _a84-88306-08-3
040 _aM-BN
_bspa
_cM-BN
080 _a727.7.011(460.27 M.):75
080 _a75:727.7.011(460.27 M.)
100 1 _aRodríguez Orgaz, A.
_998709
245 1 3 _aEl gran Prado
_b: ampliación subterránea y enlace con el Casón /
_cpor el arquitecto A. Rodríguez Orgaz ; introducción por Federico Mayor Zaragoza.
260 _a[Madrid] :
_bFundación Cánovas del Castillo,
_cD.L. 1993.
300 _a107 p., [20] h. pleg. de plan., [13] h. de lám. col. y n :
_bil., plan ;
_c30 cm.
500 _aTextos en español y en inglés.
610 2 _aMuseo Nacional del Prado-
_vProyectos.
_95868
700 1 _aMayor Zaragoza, Federico,
_d1934-2024
_979415
710 2 _aFundación Cánovas del Castillo.
_94244
852 _aES-MaACL
_jL-19407
_bR.121597
999 _c12182
_d12182